1000 Jahre "Lechfeld"
| Titel: | 1000 Jahre "Lechfeld" : "Wiederum sehen wir der Gefahr ins Auge" |
|---|---|
| Verfasser: | |
| In: |
Damals, Band 31, Heft 3 (1999), Seite 68-72, Abb. alle Artikel anzeigen |
| Veröffentlicht: | 1999 |
| Format: | Aufsatz |
| Sprache: | Deutsch |
X
alg: 39172229 001A $01999:11-11-16 001B $01999:15-05-21 $t21:02:53.000 001C $06050:19-11-16 $t09:16:16.000 001D $01999:11-11-16 001U $0utf8 001X $00 002@ $0Aox 003@ $0391722298 007A $0391722298 $aHEB 007T $0Herd79520 010@ $ager 011@ $a1999 021A $a1000 Jahre "Lechfeld" $d"Wiederum sehen wir der Gefahr ins Auge" 028A $aPlichta $dVanessa 031A $d31 $e3 $h68-72, Abb. $j1999 037A $aZu den Feiern in Augsburg im Juli 1955 039B $aIn $8--Abvc--. Damals. - Leinfelden-Echterdingen : Konradin, 1969-. - ISSN 0011-5908 $x199900000310003932 $9047713682 045F $a306.09439 $eDDC23BSB 045F/01 $a306.09 045F/03 $g439 045T $a8 lok: 39172229 78 exp: 39172229 78 1 #EPN 201B/01 $019-04-17 $t10:21:23.000 201U/01 $0utf8 203@/01 $0787817023 208@/01 $a11-11-16 $be 209A/01 $a/ $f000 $x00 220C/01 $aTitelaufnehmer: nk 244Z/01 $2Trx $#Ungari $#Vengrija $#Ungārija $#Ungarn $#Hungary $#Węgry $#Maďarsko $#Maďarsko $#Uhorsko $#Uhersko;Uhry $8--Trx--Magyarország $x01 $9391197150 244Z/01 $2Trx $8--Trx--Augsburg $x02 $9391163272 244Z/01 $aGeschichte 1955 $x03 244Z/01 $2Trx $8--Trx--$POtto I.$Z912-973 $x04 $9390849081 244Z/01 $2Trx $#Ungari vallutused 896-955 $#Vengrijos puolimai 896-955 $#Hungarian Invasions 896-955 $#magyar betörések 896-955 $#najazdy węgierskie 896-955 $#vpády Maďarov 896-955 $#vpády Maďarů 896-955 $8--Trx--Ungarneinfälle$g896-955 $x05 $9391368737 244Z/01 $2Trx $#ajalooline teadlikkus $#istorinė sąmonė $#Historical consciousness $#történelmi eszmék $#świadomość historyczna $#vedomie historické $#vědomí historické $#Bewußtsein, historisches $#Erinnerungskultur $#kultura historyczna $#historické vedomie $8--Trx--Geschichtsbewußtsein $x06 $9391380877 244Z/01 $2Trx $#kirik, Rooma-Katoliku $#bažnyčia, Romos katalikų $#Church, Roman-Catholic $#Római katolikus templom $#kościół rzymskokatolicki $#cirkev rímsko-katolícka $#církev římsko-katolická $8--Trx--Kirche, römisch-katholische $x07 $9391382845 244Z/01 $2Trx $8--Trx--Zeitschriftenaufsatz $x08 $9391384341 245Z/01 $a11.14 $x01 247C/01 $82080>Marburg/Lahn, Herder-Institut, Forschungsbibliothek, Bibliographieportal $9336309341
| LEADER | 00000caa a22000002c 4500 | ||
|---|---|---|---|
| 001 | 391722298 | ||
| 003 | DE-603 | ||
| 005 | 20210515210253.0 | ||
| 007 | tu | ||
| 008 | 161111s1999 xx |||| | u00||u|ger c | ||
| 035 | |a (DE-599)HEB391722298 | ||
| 040 | |a DE-603 |b ger |c DE-603 |d DE-603 | ||
| 041 | |a ger | ||
| 082 | 0 | 4 | |8 1\u |a 306.09439 |q DE-101 |2 23/BSB |
| 084 | |a 8 |2 ssgn | ||
| 085 | |8 1\u |b 306.09 | ||
| 085 | |8 1\u |z 2 |s 439 | ||
| 100 | 1 | |a Plichta, Vanessa | |
| 245 | 0 | 0 | |a 1000 Jahre "Lechfeld" |b "Wiederum sehen wir der Gefahr ins Auge" |
| 264 | 0 | |c 1999 | |
| 500 | |a Zu den Feiern in Augsburg im Juli 1955 | ||
| 773 | 0 | 8 | |i In |t Damals |d Leinfelden-Echterdingen : Konradin, 1969- |h 28 cm |x 0011-5908 |g Band 31, Heft 3 (1999), Seite 68-72, Abb. |w (DE-603)047713682 |w (DE-600)512126-7 |
| 924 | 0 | |9 2080 |a (DE-603)787817023 |b DE-2080 |c HES |d d |g / | |


